Дозиметрия, спектрометрия полей ионизирующих излучений: методические указания

Bibliografiske detaljer
Hovedforfatter: Силаев М. Е. Максим Евгеньевич
Institution som forfatter: Томский политехнический университет (ТПУ)
Andre forfattere: Хадкевич А. В. Антон Валерьевич
Summary:Заглавие с титульного экрана
Электронная версия печатной публикации
Режим доступа: из корпоративной сети ТПУ
Sprog:russisk
Udgivet: Томск, Изд-во ТПУ, 2008
Fag:
Online adgang:http://www.lib.tpu.ru/fulltext2/m/2010/m242.pdf
Format: MixedMaterials Electronisk Bog
KOHA link:https://koha.lib.tpu.ru/cgi-bin/koha/opac-detail.pl?biblionumber=188556

MARC

LEADER 00000nlm0a2200000 4500
001 188556
005 20231101224137.0
035 |a (RuTPU)RU\TPU\book\204803 
090 |a 188556 
100 |a 20101210d2008 m y0rusy50 ca 
101 0 |a rus 
102 |a RU 
105 |a a j 001zy 
135 |a drgn ---uucaa 
181 0 |a i  
182 0 |a b 
200 1 |a Дозиметрия, спектрометрия полей ионизирующих излучений  |b Электронный ресурс  |e методические указания  |f М. Е. Силаев, А. В. Хадкевич  |g Томский политехнический университет (ТПУ) 
203 |a Текст  |c электронный 
210 |a Томск  |c Изд-во ТПУ  |d 2008 
230 |a 1 компьютерный файл (pdf; 1.9 MB) 
300 |a Заглавие с титульного экрана 
300 |a Электронная версия печатной публикации 
333 |a Режим доступа: из корпоративной сети ТПУ 
337 |a Adobe Reader 
452 1 |0 (RuTPU)RU\TPU\book\169726  |y 5-98298-291-1  |t Дозиметрия, спектрометрия полей ионизирующих излучений   |o методические указания  |f М. Е. Силаев, А. В. Хадкевич  |g Томский политехнический университет (ТПУ)  |c Томск  |n Изд-во ТПУ  |d 2008  |p 30 с.  |a Силаев, Максим Евгеньевич 
606 1 |a Ионизирующие излучения  |x Дозиметрия  |x (физика)  |2 stltpush  |3 (RuTPU)RU\TPU\subj\39291  |9 59440 
610 1 |a дозиметрия 
610 1 |a спектрометрия 
610 1 |a физика 
610 1 |a лабораторные работы 
610 1 |a методические указания 
610 1 |a атомная энергетика 
610 1 |a экология 
610 1 |a труды учёных ТПУ 
610 1 |a электронный ресурс 
675 |a 539.1.074(076.5)  |v 3 
700 1 |a Силаев  |b М. Е.  |g Максим Евгеньевич 
701 1 |a Хадкевич  |b А. В.  |g Антон Валерьевич 
712 0 2 |a Томский политехнический университет (ТПУ)  |c (1991-2009)  |2 stltpush  |3 (RuTPU)RU\TPU\col\376 
801 1 |a RU  |b 63413507  |c 20101210 
856 4 |u http://www.lib.tpu.ru/fulltext2/m/2010/m242.pdf 
942 |c CF